Organization theory

Сохранить в:
Библиографические подробности
Главный автор: Pugh, D. S (Автор)
Формат:
Язык:английский
Опубликовано: Baltimore Penguin Education 1971
Серии:Penguin Modern Management Readings
Предметы:
Метки: Добавить метку
Нет меток, Требуется 1-ая метка записи!

MARC

LEADER 00000nam a2200000 a 4500
001 UCR9556
003 CL-VaPUC
008 980613e19710000US |||||||||||||||||eng|d
082 0 4 |a 658.001  |b PUG  |2 21 
100 0 |a Pugh, D. S  |e author  |9 412221 
245 1 0 |a Organization theory 
300 |a 382 p 
942 |c BK 
945 |d 19980613 00:00:00  |a cmena 
260 |a Baltimore  |b Penguin Education  |c 1971 
650 0 |a Administración de empresas   |9 260833 
650 0 |a Estructura organizacional   |9 390800 
650 0 |a Teoría de la administración  |9 388768 
650 0 |a Gestión   |9 260993 
650 0 |a Desarrollo organizacional  |9 356124 
650 7 |a MEDIO AMBIENTE LABORAL  |2 CL-VaPUC  |9 380233 
650 0 |a Control  |9 330602 
650 0 |a Organización  |9 256369 
583 |a last modification  |c 19980613 00:00:00  |k Rodrigo Vera 
490 0 |a Penguin Modern Management Readings 
999 |c 270744  |d 270742 
952 |0 0  |1 0  |4 0  |6 658_001000000000000_PUG_1971  |7 0  |8 P  |9 305140  |a BIBGIM  |b BIBGIM  |d 2019-11-20  |i 1415921  |o 658.001 PUG 1971  |p 1415921  |r 2025-01-15  |w 2019-11-20  |y BK  |k COM